Simulační techniky oftalmopedické : Metodické texty k projektu MUNI 4.0. Pedagogická fakulta, studijní program Logopedie (Bc.).

Bibliographic Details
Main Author: Vrubel, Martin.
Format: eBook
Language:English
Published: Brno : Masaryk University, 2019.
Edition:1st ed.
Subjects:
Online Access:Click to View
LEADER 02414nam a22003493i 4500
001 EBC6913562
003 MiAaPQ
005 20231204023221.0
006 m o d |
007 cr cnu||||||||
008 231204s2019 xx o ||||0 eng d
020 |a 9788021095922  |q (electronic bk.) 
035 |a (MiAaPQ)EBC6913562 
035 |a (Au-PeEL)EBL6913562 
035 |a (OCoLC)1305842671 
040 |a MiAaPQ  |b eng  |e rda  |e pn  |c MiAaPQ  |d MiAaPQ 
100 1 |a Vrubel, Martin. 
245 1 0 |a Simulační techniky oftalmopedické :  |b Metodické texty k projektu MUNI 4.0. Pedagogická fakulta, studijní program Logopedie (Bc.). 
250 |a 1st ed. 
264 1 |a Brno :  |b Masaryk University,  |c 2019. 
264 4 |c {copy}2019. 
300 |a 1 online resource (42 pages) 
336 |a text  |b txt  |2 rdacontent 
337 |a computer  |b c  |2 rdamedia 
338 |a online resource  |b cr  |2 rdacarrier 
505 0 |a Intro -- Obsah -- O PROJEKTU -- ÚVOD -- 1 ZÁKLADNÍ ZRAKOVÉ FUNKCE, JEJICH DIAGNOSTIKA A KOREKCE -- 1.1 Centrální zraková ostrost -- 1.2 Zorné pole -- 1.3 Barvocit a kontrastní vidění -- 1.4 Binokulární vidění -- 2 SIMULACE SAMOSTATNÉHO POHYBU VE VEŘEJNÉM PROSTORU -- 2.1 Legislativní opora pro odstraňování bariér -- 2.2 Tyfloinženýrské prvky -- 2.3 Akustické prvky -- 2.4 Pomůcky sloužící k orientaci ve veřejném prostoru -- 3 SIMULACE OSLABENÉHO FUNKČNÍHO VIDĚNÍ A PROSTOROVÉ ORIENTACE - PRAKTICKÁ CVIČENÍ -- 3.1 Cvičení diagnostiky a rehabilitace centrální zrakové ostrosti -- 3.2 Cvičení diagnostiky poruch barevného vidění -- 3.3 Cvičení diagnostiky poruch binokulárního vidění -- 3.4 Cvičení prostorové orientace -- SUMMARY -- LITERATURA -- INTERNETOVÉ ZDROJE -- SEZNAM OBRÁZKŮ A TABULEK -- JMENNÝ REJSTŘÍK -- VĚCNÝ REJSTŘÍK. 
588 |a Description based on publisher supplied metadata and other sources. 
590 |a Electronic reproduction. Ann Arbor, Michigan : ProQuest Ebook Central, 2023. Available via World Wide Web. Access may be limited to ProQuest Ebook Central affiliated libraries.  
655 4 |a Electronic books. 
776 0 8 |i Print version:  |a Vrubel, Martin  |t Simulační techniky oftalmopedické  |d Brno : Masaryk University,c2019 
797 2 |a ProQuest (Firm) 
856 4 0 |u https://ebookcentral.proquest.com/lib/matrademy/detail.action?docID=6913562  |z Click to View